Popis procesu stanovení zvláštních charakteristik (BM)

Enregistré dans:
Détails bibliographiques
Format: Livre
Langue:tchèque
Publié: Praha Česká společnost pro jakost 2020
Édition:2. vyd.
Sujets:
Tags: Ajouter un tag
Pas de tags, Soyez le premier à ajouter un tag!

MARC

LEADER 00000nam a22000003a 4500
001 0095286
003 SK-STU
005 20220517123456.7
007 ta
008 220517s ----xo-----e------000-0-----d
020 |a 978-80-02-02962-5 
022 |a 0943-9412 
040 |a STU  |b slo 
041 0 |a cze 
044 |a xr 
245 1 0 |a Popis procesu stanovení zvláštních charakteristik (BM) 
250 |a 2. vyd. 
260 |a Praha  |b Česká společnost pro jakost  |c 2020 
300 |a 96 s. 
650 0 7 |a manažment kvality 
650 0 7 |a FMEA 
996 |b 284M089050  |c M* 14 626-1  |l MMKN  |s A  |a 24  |w 0095286_0001